Hunter x Hunter - Mort subite - Statistiques

Statistiques générales
  • Ce quiz a été pris 3 675 fois
  • Le résultat moyen est 6 sur 20
Answers on the Grid
Answers color-coded by a green-red scale on the quiz's grid according to % correct below.
Kurapika
Senritsu
Gowther
Netero
Tompa
Mito
Gin
Hisoka
Léolio
Shou
Feitan
Nanami
Ging
Kuroro
Shouta
Illumi
Podongo
Akise
Neferupito
Shaka
Biscuit
Alluka
Meleoron
Tomura
Shouya
Kirua
Meruem
Hanzô
Hidan
Gon
 
Statistiques - réponses
Réponse % Correct
Kurapika
94%
Netero
80%
Tompa
55%
Mito
50%
Hisoka
39%
Senritsu
39%
Léolio
33%
Gon
21%
Kirua
21%
Meruem
20%
Kuroro
19%
Neferupito
19%
Feitan
18%
Biscuit
16%
Illumi
15%
Ging
14%
Meleoron
13%
Alluka
12%
Hanzô
11%
Podongo
6%
Aucun quiz correspondant
Distribution des résultats
% des personnes avec chaque résultat
Percentile par nombre de réponses
Votre historique - résultats
Vous n’avez pas pris ce quiz